| 000 | 00507nam a2200205 i 4500 | ||
|---|---|---|---|
| 001 | bgj | ||
| 100 | 1 | _aKÖRNER, Heinz. | |
| 245 | 1 | 0 |
_aJohannes : _bErzählung / _cHeinz Körner. |
| 260 |
_aFellbach : _bLucy Körner Verlag, _ccop. 1978. |
||
| 300 |
_a102 s. ; _c19 cm. |
||
| 650 | 9 | _aPowieść niemiecka | |
| 020 | _a3922028004 | ||
| 040 | _cBPK | ||
| 041 | 0 | _ager | |
| 044 | _aDEU | ||
| 080 | _a821.112.2-3 | ||
| 920 | _a3-922028-00-4 | ||
| 942 | _cKS | ||
| 008 | s gw f |000 0 ger | ||
| 999 |
_c50037 _d50037 |
||
| 856 |
_uhttp://koha.tu.koszalin.pl/cgi-bin/koha/opac-detail.pl?biblionumber=50037 _yKatalog online BPK |
||